000 00562nam a2200181Ia 4500
001 7690
005 20260306160513.0
008 260306t2016||||xx |||||||||||||| ||spa||
041 _aESP
082 _a354.328
_bO65H
100 _aOrganismo de Evaluación y Fiscalización Ambiental
_eAUT
245 0 _aLa planificación en la fiscalización ambiental:
_bmodelo de plan anual de evaluación y fiscalización ambiental de gobierno regional
260 _c2016
300 _a40 páginas :
_c25 cm.
650 _aGEN
654 _aCIA
942 _cLIB
_dJUS
_fJUS
_2ddc
_n
999 _c7690
_d7690